<?xml version="1.0" encoding="UTF-8"?>
<record
    xmlns:xsi="http://www.w3.org/2001/XMLSchema-instance"
    xsi:schemaLocation="http://www.loc.gov/MARC21/slim http://www.loc.gov/standards/marcxml/schema/MARC21slim.xsd"
    xmlns="http://www.loc.gov/MARC21/slim">

  <leader>00876nam a22002177a 4500</leader>
  <controlfield tag="005">20230125093100.0</controlfield>
  <controlfield tag="008">230125b           ||||| |||| 00| 0 eng d</controlfield>
  <datafield tag="020" ind1=" " ind2=" ">
    <subfield code="a">8188573272</subfield>
  </datafield>
  <datafield tag="040" ind1=" " ind2=" ">
    <subfield code="c">AL</subfield>
  </datafield>
  <datafield tag="041" ind1=" " ind2=" ">
    <subfield code="a">hin</subfield>
  </datafield>
  <datafield tag="082" ind1=" " ind2=" ">
    <subfield code="2">23</subfield>
    <subfield code="a">H891.109</subfield>
    <subfield code="b">MAHS</subfield>
  </datafield>
  <datafield tag="100" ind1=" " ind2=" ">
    <subfield code="a">Girish Mahajan: &#x917;&#x93F;&#x930;&#x940;&#x936; &#x92E;&#x939;&#x93E;&#x91C;&#x928; </subfield>
    <subfield code="9">69759</subfield>
  </datafield>
  <datafield tag="245" ind1=" " ind2=" ">
    <subfield code="a">Saptak kavya mein vyangya vidhan:</subfield>
    <subfield code="b"> &#x938;&#x92A;&#x94D;&#x924;&#x915; &#x915;&#x93E;&#x935;&#x94D;&#x92F; &#x92E;&#x947;&#x902; &#x935;&#x94D;&#x92F;&#x902;&#x917;&#x94D;&#x92F; &#x935;&#x93F;&#x927;&#x93E;&#x928; </subfield>
  </datafield>
  <datafield tag="260" ind1=" " ind2=" ">
    <subfield code="a">Kanpur</subfield>
    <subfield code="b">Chandralok Prakashan</subfield>
    <subfield code="c">2005</subfield>
  </datafield>
  <datafield tag="300" ind1=" " ind2=" ">
    <subfield code="a">191p.</subfield>
    <subfield code="b">HB</subfield>
    <subfield code="c">22x14cm.</subfield>
  </datafield>
  <datafield tag="365" ind1=" " ind2=" ">
    <subfield code="2">Hindi</subfield>
    <subfield code="a">1831</subfield>
    <subfield code="b">255.00</subfield>
    <subfield code="c">&#x20B9;</subfield>
    <subfield code="d">300.00</subfield>
    <subfield code="e">15%</subfield>
    <subfield code="f">11-12-2022</subfield>
  </datafield>
  <datafield tag="650" ind1=" " ind2=" ">
    <subfield code="a">Hindi Poetry Criticism: &#x939;&#x93F;&#x902;&#x926;&#x940; &#x915;&#x935;&#x93F;&#x924;&#x93E; &#x935;&#x93F;&#x92E;&#x930;&#x94D;&#x936; </subfield>
    <subfield code="9">69753</subfield>
  </datafield>
  <datafield tag="650" ind1=" " ind2=" ">
    <subfield code="a">Hindi Literature: &#x939;&#x93F;&#x902;&#x926;&#x940; &#x938;&#x93E;&#x939;&#x93F;&#x924;&#x94D;&#x92F; </subfield>
    <subfield code="9">69754</subfield>
  </datafield>
  <datafield tag="700" ind1=" " ind2=" ">
    <subfield code="a">MAHAJAN (Girish): &#x92E;&#x939;&#x93E;&#x91C;&#x928; (&#x917;&#x93F;&#x930;&#x940;&#x936;)</subfield>
    <subfield code="9">69755</subfield>
  </datafield>
  <datafield tag="942" ind1=" " ind2=" ">
    <subfield code="2">ddc</subfield>
    <subfield code="c">BK</subfield>
  </datafield>
  <datafield tag="999" ind1=" " ind2=" ">
    <subfield code="c">226426</subfield>
    <subfield code="d">226426</subfield>
  </datafield>
  <datafield tag="952" ind1=" " ind2=" ">
    <subfield code="0">0</subfield>
    <subfield code="1">0</subfield>
    <subfield code="2">ddc</subfield>
    <subfield code="4">0</subfield>
    <subfield code="7">0</subfield>
    <subfield code="8">HIN</subfield>
    <subfield code="a">AL</subfield>
    <subfield code="b">AL</subfield>
    <subfield code="d">2023-01-23</subfield>
    <subfield code="e">Vidya Vihar Govind Nagar Kanpur 208006</subfield>
    <subfield code="g">255.00</subfield>
    <subfield code="l">0</subfield>
    <subfield code="o">H891.109 MAHS</subfield>
    <subfield code="p">076341</subfield>
    <subfield code="r">2023-01-25 00:00:00</subfield>
    <subfield code="v">300.00</subfield>
    <subfield code="w">2023-01-25</subfield>
    <subfield code="y">BK</subfield>
  </datafield>
</record>
